000 00580nam a2200205Ia 4500
003 OSt
005 20220928150322.0
006 a|||||r|||| 00| 0
007 ta
008 220927b |||||||| |||| 00| 0 eng d
024 _a90651
037 _cTextual
040 _aSDCL
_cSDCL
_beng
041 _2eng
_aeng
082 _aWan1,N52, M1;M2 RR
245 0 _aINTERNATIONAL BIBLIOGRAPHY of the social sciences
_bBibliographie internationale des science sociales.30V
260 _c1981
942 _hWan1,N52, M1;M2 RR
_cTEXL
_2CC
999 _c841179
_d841179